Với lửa Hoàng Liên : Tiểu luận, phê bình
Gồm những bài viết của tác giả nghiên cứu, phân tích về một số tác phẩm văn học, nghệ thuật và một số bài viết bình luận về tác phẩm của ông
保存先:
| 第一著者: | |
|---|---|
| フォーマット: | 図書 |
| 言語: | Undetermined |
| 出版事項: |
Hà Nội
Hội nhà văn
2018
|
| 主題: | |
| タグ: |
タグ追加
タグなし, このレコードへの初めてのタグを付けませんか!
|
| Thư viện lưu trữ: | Trung tâm Học liệu Trường Đại học Cần Thơ |
|---|
| LEADER | 00896nam a2200217Ia 4500 | ||
|---|---|---|---|
| 001 | CTU_229838 | ||
| 008 | 210402s9999 xx 000 0 und d | ||
| 082 | |a 895.92209 | ||
| 082 | |b N104 | ||
| 100 | |a Đoàn, Hữu Nam | ||
| 245 | 0 | |a Với lửa Hoàng Liên : | |
| 245 | 0 | |b Tiểu luận, phê bình | |
| 245 | 0 | |c Đoàn Hữu Nam | |
| 260 | |a Hà Nội | ||
| 260 | |b Hội nhà văn | ||
| 260 | |c 2018 | ||
| 520 | |a Gồm những bài viết của tác giả nghiên cứu, phân tích về một số tác phẩm văn học, nghệ thuật và một số bài viết bình luận về tác phẩm của ông | ||
| 650 | |a Vietnamese literature,Văn học Việt Nam | ||
| 650 | |x History and criticism,Lịch sử và phê bình | ||
| 910 | |b nthai | ||
| 980 | |a Trung tâm Học liệu Trường Đại học Cần Thơ | ||